00573nam a2200169Ia 4500952012600000999001700126003000400143005001700147008004100164040000900205082001500214100002700229245006300256260003900319300000900358942003600367 00102ddc40708ZOOLOGYaMESbMEScRAREd2019-02-20g9.45l0o612 FOS/Pp105r2019-02-20 00:00:00w2019-02-20yREFzU6R4 c32680d32680OSt20200930142823.0190216s9999||||xx |||||||||||||| ||und|| coclc a612bFOS/P aFoster, Michael 95232 0aPhysiology For Beginners /cMichael Foster ; Lewis E Shore bMacmillan &co Ltd,aLondon:c1964. a259p cBK2ddch612iFOS/Pk612mFOS/P